| 000 | 00621nam a2200265Ia 4500 | ||
|---|---|---|---|
| 008 | 171025s9999 xx 000 0 und d | ||
| 020 | _a9784889960716 | ||
| 050 | _a976.8 | ||
| 050 | _bT645 1978 | ||
| 100 | _aTohei, Koichi | ||
| 245 | _aKi : | ||
| 245 | _bin daily life / | ||
| 245 | _cby Koichi Tohei. | ||
| 260 | _aJapan : | ||
| 260 | _bJPT, | ||
| 260 | _c1978 | ||
| 300 | _a136 pages : | ||
| 300 | _billustrations ; | ||
| 300 | _c26cm. | ||
| 500 | _aIncludes appendix. | ||
| 650 | _aConduct of life. | ||
| 650 | _aQi (Chinese philosophy). | ||
| 650 | _aSpiritual exercises. | ||
| 700 | _aTitle. | ||
| 999 |
_c344646 _d344646 |
||